000 00759nam a2200253Ia 4500
003 OSt
005 20221005104547.0
006 a|||||r|||| 00| 0
007 ta
008 221004b |||||||| |||| 00| 0 hin d
024 _a32286
037 _cTextual
040 _aCRL
_cCRL
_bhin
041 _2hin
_ahin
082 _aO152,3N12x, M7
100 _aमित्र, विमल
245 0 _aचौराहा
246 _aChaurāhā
260 _aदिल्ली
_bराजपाल एण्ड सन्ज़ भारत
_c1987
300 _a378पृ.
_ccm.
650 _aहिन्दी कहानी
942 _hO152,3N12x, M7
_cTEXL
_2cc
999 _c1013094
_d1013094